[Event "Brno CEZ Talent"]
[Site "?"]
[Date "2013.08.28"]
[Round "5"]
[White "Chudinovskis, Alexander"]
[Black "Lanc, Alois"]
[Result "1-0"]
[WhiteElo "2299"]
[BlackElo "2363"]
[PlyCount "109"]

1. d4 d5 2. c4 c6 3. cxd5 cxd5 4. Nc3 Nf6 5. Bf4 Nc6 6. Nf3 e6 7. e3 Be7 8. h3
O-O 9. Bd3 a6 10. O-O b5 11. Ne5 Nxe5 12. Bxe5 Nd7 13. Bg3 Bb7 14. a4 b4 15.
Nb1 a5 16. Nd2 Rc8 17. Qe2 Qb6 18. Nb3 g6 19. Rfc1 Nf6 20. f3 Nh5 21. Bh2 f5
22. g4 Nf6 23. Bb5 Rfd8 24. Be5 Ne8 25. Rxc8 Rxc8 26. Bxe8 Rxe8 27. Qb5 Qxb5
28. axb5 Bd8 29. Nxa5 Bxa5 30. Rxa5 Ra8 31. Rxa8+ Bxa8 32. Kf2 Bb7 33. Ke2 Bc8
34. Kd2 fxg4 35. hxg4 h5 36. Kc2 Bd7 37. b6 Ba4+ 38. Kb1 Bc6 39. Ka2 hxg4 40.
fxg4 Kf7 41. Kb3 Ke8 42. Kxb4 Kd7 43. Kc5 Bb7 44. b4 Ke7 45. Bg7 Kd7 46. Bf6 e5
47. Bxe5 Ke6 48. Bf4 Kd7 49. e4 dxe4 50. d5 Ba8 51. Kd4 Kc8 52. Kxe4 Kb7 53.
Be3 Ka6 54. Ke5 Bb7 55. d6 1-0

[Event "Brno CEZ Talent"]
[Site "?"]
[Date "2013.08.28"]
[Round "5"]
[White "Plat, Vojtech"]
[Black "Kratochvil, Josef"]
[Result "1-0"]
[WhiteElo "2470"]
[BlackElo "2241"]
[PlyCount "107"]

1. e4 c5 2. Nf3 d6 3. d4 cxd4 4. Qxd4 Nc6 5. Bb5 Bd7 6. Bxc6 Bxc6 7. Nc3 Nf6 8.
Bg5 e6 9. O-O-O Be7 10. Rhe1 Qb6 11. Qxb6 axb6 12. Bf4 O-O-O 13. Nd4 d5 14.
Ncb5 Bc5 15. exd5 exd5 16. f3 Rhe8 17. Rxe8 Rxe8 18. Nd6+ Bxd6 19. Bxd6 Kd7 20.
Bg3 Nh5 21. Kd2 g6 22. Bf2 b5 23. Be3 Ng7 24. Nb3 Ne6 25. a3 Kd6 26. Nc1 Ra8
27. Nd3 Re8 28. Bf2 f6 29. Re1 Kd7 30. Kc3 Ng7 31. Nc5+ Kd6 32. Rxe8 Nxe8 33.
Kb4 Ng7 34. Bg3+ Ke7 35. Ka5 Ne6 36. Nd3 Kd7 37. Kb6 g5 38. b3 d4 39. Nb4 h5
40. h3 f5 41. Be5 g4 42. Nxc6 bxc6 43. hxg4 hxg4 44. fxg4 fxg4 45. a4 bxa4 46.
bxa4 c5 47. a5 c4 48. a6 d3 49. cxd3 cxd3 50. Bc3 Kc8 51. a7 Nc7 52. Kc6 g3 53.
Bd2 Na8 54. Ba5 1-0

[Event "Brno CEZ Talent"]
[Site "?"]
[Date "2013.08.28"]
[Round "5"]
[White "Kratochvil, Karel"]
[Black "Ponizil, Cyril"]
[Result "0-1"]
[WhiteElo "2233"]
[BlackElo "2421"]
[PlyCount "81"]

1. e4 c5 2. Nf3 e6 3. d3 Nc6 4. Nbd2 g6 5. g3 Bg7 6. Bg2 Nge7 7. O-O O-O 8. c3
d5 9. exd5 Nxd5 10. Nb3 b6 11. d4 Ba6 12. Re1 cxd4 13. Nbxd4 Nxd4 14. Nxd4 Qd7
15. Ne2 Rad8 16. Nf4 Ne7 17. Qb3 e5 18. Bh3 Qc6 19. Qa3 Bb7 20. Bg2 Qc7 21.
Bxb7 Qxb7 22. Ng2 h6 23. Ne3 Rd3 24. Nf1 Rfd8 25. Qa4 Nf5 26. Ne3 Nd6 27. Ng4
h5 28. Bg5 Re8 29. Nf6+ Bxf6 30. Bxf6 e4 31. Rad1 b5 32. Qb4 Qd5 33. Bd4 {(R)}
Rc8 34. Qb3 Nc4 35. Qc2 Qf5 36. Qe2 Rxd1 37. Rxd1 a6 38. Re1 Nd6 39. Qe3 f6 40.
f3 Re8 41. fxe4 {(a bílý se vzdal v 51. tahu. Zbytek neèitelný, JK)} 0-1

[Event "Brno CEZ Talent"]
[Site "?"]
[Date "2013.08.28"]
[Round "5"]
[White "Kireev, Aleksei"]
[Black "Sremanak, Slavomir"]
[Result "1-0"]
[WhiteElo "2337"]
[BlackElo "2184"]
[PlyCount "123"]

1. e4 e6 2. g3 d5 3. d3 dxe4 4. dxe4 Qxd1+ 5. Kxd1 Bc5 6. f3 b6 7. Nd2 Bb7 8.
Nh3 Ne7 9. Nf4 Ng6 10. Nd3 Be7 11. Be2 Nc6 12. c3 O-O-O 13. Kc2 Ba6 14. Re1 Bb7
15. a4 h5 16. h4 Bd6 17. f4 e5 18. f5 Nf8 19. b4 a5 20. b5 Ne7 21. Bf1 Nd7 22.
Nc4 f6 23. Nxd6+ cxd6 24. Be3 Nc5 25. Bxc5 dxc5 26. Rad1 Kc7 27. Nf2 Rxd1 28.
Rxd1 Nc8 29. Kd2 Nd6 30. Ke3 g6 31. fxg6 Rg8 32. Be2 Rxg6 33. g4 hxg4 34. Bxg4
Rg7 35. h5 Nxe4 36. Nxe4 Rxg4 37. Nxf6 Rg3+ 38. Kd2 Rf3 39. Ng4 Rh3 40. Nf6 Bf3
41. Rg1 Kd6 42. Rg6 Ke6 43. c4 Kf5 44. Nd7 Bxh5 45. Rxb6 e4 46. Nxc5 e3+ 47.
Kc2 e2 48. Re6 Rh1 49. b6 Bf3 50. b7 Rh8 51. Re7 Rg8 52. Kc3 Kf4 53. Nd3+ Kf5
54. Nc5 Kf4 55. Nd3+ Kf5 56. Kd2 Rb8 57. Rf7+ Kg6 58. Ne5+ Kh6 59. Nxf3 Re8 60.
c5 Kg6 61. Rc7 Kf5 62. Rc8 1-0

[Event "Brno CEZ Talent"]
[Site "?"]
[Date "2013.08.28"]
[Round "5"]
[White "Uhmann, Jan ml."]
[Black "Kuchynka, Lukas"]
[Result "0-1"]
[WhiteElo "2046"]
[BlackElo "2316"]
[PlyCount "82"]

1. e4 c6 2. d4 d5 3. e5 Bf5 4. Bd3 Bxd3 5. Qxd3 e6 6. Ne2 Qa5+ 7. c3 Qa6 8. Qc2
c5 9. O-O Nc6 10. Be3 cxd4 11. cxd4 Nge7 12. Nbc3 Rc8 13. f4 Nb4 14. Qd2 Nf5
15. Bf2 h5 16. Ng3 Nxg3 17. Bxg3 h4 18. Bf2 g6 19. h3 Be7 20. Rfd1 Nc6 21. Rac1
Kd7 22. b3 b6 23. a4 Qa5 24. Qe2 Qb4 25. Qa6 {(R)} Qa5 26. Qe2 a6 27. Kh1 Rc7
28. Be1 Bb4 29. Qf3 Ne7 30. Ne2 Nf5 31. Rxc7+ Kxc7 32. Bxb4 Qxb4 33. Rc1+ Kb7
34. Qc3 Qxc3 35. Rxc3 b5 36. Kg1 bxa4 37. bxa4 Rc8 38. Rb3+ Ka7 39. Kf2 Rc2 40.
Rd3 Ng3 41. Re3 Kb6 0-1

[Event "Brno CEZ Talent"]
[Site "?"]
[Date "2013.08.28"]
[Round "5"]
[White "Kantorik, Marian"]
[Black "Skoda, Martin"]
[Result "1-0"]
[WhiteElo "2280"]
[BlackElo "2076"]
[PlyCount "53"]

1. d4 Nf6 2. c4 g6 3. Nc3 Bg7 4. e4 d6 5. f4 O-O 6. Nf3 c5 7. d5 e6 8. Be2 exd5
9. cxd5 Re8 10. Nd2 Nbd7 11. O-O a6 12. a4 b6 13. Bd3 Qc7 14. Kh1 Nf8 15. Nc4
Rb8 16. e5 Bg4 17. Qe1 dxe5 18. fxe5 N6d7 19. Qg3 Bh5 20. Bf4 Qd8 21. Rae1 b5
22. axb5 axb5 23. Nd6 Re7 24. Bxb5 Nxe5 25. Rxe5 Bxe5 26. Bxe5 Rb6 27. Nce4 1-0

[Event "Brno CEZ Talent"]
[Site "?"]
[Date "2013.08.27"]
[Round "5"]
[White "Cizinsky, Petr"]
[Black "Chytilek, Roman"]
[Result "1/2-1/2"]
[WhiteElo "2145"]
[BlackElo "2382"]
[PlyCount "75"]

1. e4 e6 2. d4 d5 3. e5 c5 4. c3 Nc6 5. Nf3 Nh6 6. Bd3 f6 7. exf6 Qxf6 8. Bg5
Qf7 9. c4 cxd4 10. O-O dxc4 11. Bxc4 Bc5 12. b4 Bxb4 13. Nxd4 Nxd4 14. Qxd4 O-O
15. Bxh6 gxh6 16. Nd2 Qg7 17. Bxe6+ Bxe6 18. Qxb4 Bd5 19. f3 Rad8 20. Ne4 Bxe4
21. fxe4 Rxf1+ 22. Rxf1 Qd4+ 23. Qxd4 Rxd4 24. e5 Re4 25. Rf5 Kg7 26. a3 b5 27.
Kf2 a5 28. Kf3 Re1 29. Kf2 Re4 30. e6 b4 31. Rxa5 bxa3 32. Rxa3 Rxe6 33. Ra5
Kg6 34. g4 Rb6 35. Kg3 Rb3+ 36. Kh4 Rb6 37. h3 Rb3 38. Ra6+ 1/2-1/2

[Event "Brno CEZ Talent"]
[Site "?"]
[Date "2013.08.28"]
[Round "5"]
[White "Bures, Jaroslav"]
[Black "Dobes, Vojtech"]
[Result "1-0"]
[WhiteElo "2377"]
[BlackElo "2105"]
[PlyCount "71"]

1. e4 c5 2. Nf3 e6 3. d4 cxd4 4. Nxd4 Nc6 5. Nc3 Qc7 6. Be3 a6 7. Qd2 Nf6 8. f3
Bb4 9. O-O-O h5 10. Kb1 b5 11. Nxc6 Qxc6 12. Bd4 Be7 13. e5 Nd5 14. Bd3 Nxc3+
15. Bxc3 Bb7 16. Be4 Qc8 17. Bxb7 Qxb7 18. Bb4 Bxb4 19. Qxb4 a5 20. Qh4 Rc8 21.
Rd6 Rc5 22. Qd4 Rd5 23. Rxd5 Qxd5 24. Qxd5 exd5 25. Rd1 Ke7 26. Rxd5 Rb8 27. a4
bxa4 28. Rxa5 Rb4 29. c3 Rc4 30. Ka2 h4 31. Ka3 h3 32. g3 g5 33. Rxa4 Rc5 34.
f4 gxf4 35. Rxf4 Rxe5 36. Rh4 1-0

[Event "Brno CEZ Talent"]
[Site "?"]
[Date "2013.08.28"]
[Round "5"]
[White "Roubalik, Jakub"]
[Black "Musil, Jiri"]
[Result "1-0"]
[WhiteElo "2344"]
[BlackElo "2092"]
[PlyCount "63"]

1. d4 Nf6 2. c4 e6 3. Nc3 Bb4 4. e3 O-O 5. Nge2 d5 6. a3 Be7 7. cxd5 exd5 8.
Nf4 c6 9. Bd3 Nbd7 10. O-O Re8 11. f3 Nf8 12. b4 a6 13. Rb1 Ne6 14. Nfe2 g6 15.
Qb3 Bf8 16. Bd2 Bg7 17. Rbd1 Nd7 18. Kh1 b5 19. Bc1 Nb6 20. Bb1 a5 21. e4 axb4
22. axb4 Nc7 23. e5 Qe7 24. f4 f5 25. exf6 Bxf6 26. f5 g5 27. Ne4 Nc4 28. Nxf6+
Qxf6 29. Qg3 h6 30. Nf4 Qd6 31. f6 Rf8 32. Qd3 1-0

[Event "Brno CEZ Talent"]
[Site "?"]
[Date "2013.08.28"]
[Round "5"]
[White "Majer, Jiri"]
[Black "Dambrauskas, Virginijus"]
[Result "0-1"]
[WhiteElo "2044"]
[BlackElo "2280"]
[PlyCount "152"]

1. d4 Nf6 2. c4 e6 3. Nf3 Bb4+ 4. Bd2 Qe7 5. a3 Bxd2+ 6. Qxd2 O-O 7. Nc3 d6 8.
e4 Nc6 9. Be2 e5 10. d5 Nd8 11. O-O Ne8 12. Bd3 g6 13. Qg5 f6 14. Qe3 f5 15.
exf5 gxf5 16. Qg5+ Qxg5 17. Nxg5 h6 18. Nh3 f4 19. f3 Bxh3 20. gxh3 Nf7 21. h4
Nh8 22. Kf2 Kf7 23. Rg1 a6 24. Rg2 Rg8 25. Rxg8 Kxg8 26. Rg1+ Kf7 27. Bf5 Ng7
28. Bh7 Re8 29. Ne4 Re7 30. b4 b6 31. Ke2 {(R)} Nh5 32. Rg8 Re8 33. Rg1 Nf6 34.
Nxf6 Kxf6 35. Kd3 Re7 36. Be4 Rg7 37. Rxg7 Kxg7 38. h5 Kf6 39. h4 Nf7 40. Bg6
a5 41. Ke4 axb4 42. axb4 Nd8 43. Be8 {(R)} Ke7 44. Ba4 Kf6 45. Be8 c5 46. dxc6
Ne6 47. Bd7 Nc7 48. Bh3 Na6 49. Kd5 Ke7 50. c5 bxc5 51. bxc5 Nb4+ 52. Ke4 Nxc6
53. cxd6+ Kxd6 54. Kf5 Nd4+ 55. Kg6 Nxf3 56. Kxh6 e4 57. Bg4 Ne5 58. Kg5 f3 59.
h6 e3 60. h7 e2 61. Bh5 e1=Q 62. h8=Q Qe3+ 63. Kf5 f2 64. Qb8+ Kd5 65. Qb5+ Kd4
66. Qb2+ Kc5 67. Qe2 Nc4 68. Bf3 Kd4 69. h5 Qd3+ 70. Qxd3+ Kxd3 71. Be4+ Kd2
72. h6 f1=Q+ 73. Kg6 Ne5+ 74. Kg7 Qf7+ 75. Kh8 Qf8+ 76. Kh7 Ng4 0-1

[Event "Brno CEZ Talent"]
[Site "?"]
[Date "2013.08.28"]
[Round "5"]
[White "Kulovana, Eva"]
[Black "Paulik, Martin"]
[Result "1-0"]
[WhiteElo "2250"]
[BlackElo "1875"]
[PlyCount "111"]

1. e4 g6 2. d4 Bg7 3. Nf3 d6 4. Nc3 Nf6 5. Be2 O-O 6. O-O Bg4 7. Be3 Nbd7 8. a4
Bxf3 9. Bxf3 c6 10. g3 Rc8 11. Bg2 Qc7 12. f4 Nb6 13. b3 c5 14. Nb5 Qb8 15. a5
Nbd7 16. e5 Ne8 17. dxc5 a6 18. cxd6 exd6 19. Bh3 Rd8 20. e6 axb5 21. e7 Bxa1
22. Qxa1 f5 23. exf8=R+ Nxf8 24. Bg2 h6 25. Qd4 Kh7 26. Qd5 Rd7 27. Qxb5 Qc8
28. c4 Ne6 29. Rd1 Nf6 30. Bb6 Nc7 31. Qb4 Na6 32. Qc3 Ne8 33. Qd4 Nb4 34. Qc3
Nc6 35. b4 Ne7 36. Re1 d5 37. Bc5 d4 38. Bxd4 Nc6 39. Bb6 Ng7 40. b5 Nd8 41. c5
Nge6 42. c6 bxc6 43. bxc6 Rg7 44. Rc1 Nc7 45. Qe5 Nde6 46. Rd1 Ne8 47. Rd3 N6c7
48. Bd4 Qa6 49. Re3 Qc4 50. Qc5 Qxc5 51. Bxc5 Nf6 52. Re7 Rxe7 53. Bxe7 Nfe8
54. Bf1 Kg7 55. Bc4 Na8 56. Kf2 1-0

[Event "Brno CEZ Talent"]
[Site "?"]
[Date "2013.08.28"]
[Round "5"]
[White "Vechet, Stanislav"]
[Black "Panis, Radim"]
[Result "1-0"]
[WhiteElo "2165"]
[BlackElo "2052"]
[PlyCount "73"]

1. d4 d5 2. Nf3 Nf6 3. c4 c6 4. Nc3 e6 5. Bg5 dxc4 6. e4 h6 7. Bxf6 Qxf6 8.
Bxc4 Bb4 9. O-O O-O 10. e5 Qe7 11. Ne4 Nd7 12. a3 Ba5 13. Ba2 Bb6 14. Rc1 c5
15. dxc5 Nxc5 16. Nxc5 Bxc5 17. Bb1 Bb6 18. Qc2 g6 19. Qe4 Rb8 20. h4 h5 21.
Qf4 Kg7 22. Ng5 f6 23. exf6+ Qxf6 24. Qxb8 Bxf2+ 25. Rxf2 Qxf2+ 26. Kh1 Qxh4+
27. Nh3 Bd7 28. Qe5+ Kh6 29. Qe3+ Kh7 30. Qe4 Qg3 31. Qxb7 Rf7 32. Qe4 e5 33.
Qd3 Qg4 34. Qe3 Kg8 35. Ba2 Be6 36. Bxe6 Qxe6 37. Ng5 1-0

[Event "Brno CEZ Talent"]
[Site "?"]
[Date "2013.08.28"]
[Round "5"]
[White "Dirgas, Josef"]
[Black "Pekar, Vaclav"]
[Result "1-0"]
[WhiteElo "2024"]
[BlackElo "2146"]
[PlyCount "101"]

1. d4 e6 2. Nf3 f5 3. c4 Nf6 4. e3 b6 5. Be2 Bb7 6. Nc3 Bb4 7. Bd2 O-O 8. O-O
Nc6 9. a3 Bxc3 10. Bxc3 Ne4 11. Qc2 Ne7 12. Nd2 Rf6 13. Nxe4 fxe4 14. d5 Rg6
15. Qxe4 exd5 16. cxd5 Bxd5 17. Bc4 Bxc4 18. Qxc4+ d5 19. Qf4 Qd7 20. Kh1 Rf8
21. Qd4 Nf5 22. Qd2 Nh4 23. Rg1 Qf5 24. Qe2 Qxf2 25. Qxf2 Rxf2 26. Be1 Rgf6 27.
b4 Ng6 28. Bxf2 Rxf2 29. Rac1 Rf7 30. Rgd1 Rd7 31. Rd4 Ne7 32. e4 Kf7 33. exd5
Nxd5 34. Kg1 Ke7 35. Kf2 Kd6 36. b5 Rf7+ 37. Kg3 Ke5 38. Ra4 Nf6 39. h3 Ne4+
40. Kh2 Nd6 41. Rb1 c5 42. bxc6 Kd5 43. Rc1 Rc7 44. Rh4 h6 45. Rh5+ Ke6 46. a4
Nc8 47. Rh4 Kd5 48. Rg4 g5 49. Rg3 Ne7 50. Rd3+ Ke6 51. Re1+ 1-0

[Event "Brno CEZ Talent"]
[Site "?"]
[Date "2013.08.28"]
[Round "5"]
[White "Vesely, Jaromir"]
[Black "Pokorny, Petr"]
[Result "1/2-1/2"]
[WhiteElo "1961"]
[BlackElo "2194"]
[PlyCount "94"]

1. Nf3 d5 2. d4 c6 3. e3 Bg4 4. c4 e6 5. Nc3 Nd7 6. a3 Ngf6 7. Be2 Bd6 8. cxd5
exd5 9. h3 Bh5 10. Nh4 Bxe2 11. Qxe2 g6 12. e4 Nxe4 13. Nxe4 dxe4 14. Qxe4+ Qe7
15. Qxe7+ Bxe7 16. Nf3 Nb6 17. Bh6 Nd5 18. O-O-O f6 19. Bd2 Kf7 20. Rhe1 Rae8
21. Re4 Bd8 22. Rde1 Bb6 23. Rxe8 Rxe8 24. Rxe8 Kxe8 25. Kc2 Ke7 26. Kd3 Ke6
27. Ng1 Bc7 28. Ne2 b5 29. g3 Bd6 30. Nc1 Nb6 31. Ne2 Na4 32. Bc1 Kd5 33. b3
Nb6 34. Nc3+ Ke6 35. Ne4 Be7 36. Bb2 a5 37. Nc5+ Kd5 38. Ne4 Ke6 39. Nc5+ Bxc5
40. dxc5 Nd5 41. Bc1 a4 42. bxa4 bxa4 43. Kc4 Ke5 44. f3 h5 45. Bb2+ Kf5 46.
Bc1 Ke6 47. Kd3 Kf5 1/2-1/2

[Event "Brno CEZ Talent"]
[Site "?"]
[Date "2013.08.28"]
[Round "5"]
[White "Karlik, Vladimir"]
[Black "Zeman, Arnost"]
[Result "1-0"]
[WhiteElo "2284"]
[BlackElo "2002"]
[PlyCount "101"]

1. d4 Nf6 2. Nf3 c6 3. c3 d5 4. Bg5 Nbd7 5. Nbd2 Qc7 6. e3 e6 7. Bd3 Bd6 8. O-O
h6 9. Bh4 g5 10. Bg3 Bxg3 11. fxg3 Ng4 12. Qe2 f5 13. c4 Ngf6 14. cxd5 cxd5 15.
Rac1 Qd6 16. Nb3 g4 17. Nfd2 b6 18. Qf2 Bb7 19. Nb1 Ke7 20. Nc3 a6 21. Ne2 Nh5
22. Nc3 Nhf6 {(R)} 23. a3 h5 24. Ne2 Rh6 25. Qf4 Qxf4 26. Nxf4 Kd6 27. Rf2 Rah8
28. Rfc2 Ne8 29. a4 R8h7 30. a5 b5 31. Bxb5 axb5 32. a6 Bxa6 33. Rc6+ Ke7 34.
Rxa6 Nd6 35. Rcc6 Nc4 36. Nxd5+ exd5 37. Rxh6 Rxh6 38. Rxh6 Nxe3 39. Rxh5 Nf6
40. Rh8 Ne4 41. Nc5 Nxc5 42. dxc5 d4 43. c6 Kd6 44. Rd8+ Kxc6 45. Rxd4 Kc5 46.
Rf4 Nc4 47. b3 Nd6 48. h4 gxh3 49. gxh3 Kd5 50. Kg2 Ke5 51. Kf3 1-0

[Event "Brno CEZ Talent"]
[Site "?"]
[Date "2013.08.28"]
[Round "5"]
[White "Fiala, Vaclav"]
[Black "Licka, Vlastimil"]
[Result "1-0"]
[WhiteElo "2192"]
[BlackElo "1959"]
[PlyCount "79"]

1. e4 c5 2. c3 d5 3. exd5 Qxd5 4. d4 e5 5. Nf3 cxd4 6. cxd4 exd4 7. Nxd4 Bb4+
8. Nc3 Nc6 9. Be3 Nf6 10. Be2 Qa5 11. O-O O-O 12. Nxc6 bxc6 13. Bf3 Rd8 14. Qc1
Nd5 15. Nxd5 cxd5 16. a3 Be7 17. Qc6 Ba6 18. Rfd1 Rac8 19. Rxd5 Rxd5 20. Qxd5
Qxd5 21. Bxd5 Bf6 22. a4 Bxb2 23. Rb1 Ba3 24. Bxa7 Kf8 25. g3 Bc5 26. Bxc5+
Rxc5 27. Bf3 Ra5 28. Bc6 Ke7 29. f4 Kd6 30. Rc1 Rc5 31. Rxc5 Kxc5 32. Be8 Bc4
33. Kf2 f6 34. Ke3 Ba6 35. Bd7 Bb7 36. h4 Kd6 37. Bf5 h6 38. Be4 Ba6 39. Kd4
Be2 40. a5 1-0

[Event "Brno CEZ Talent"]
[Site "?"]
[Date "2013.08.28"]
[Round "5"]
[White "Kratochvil, Milan"]
[Black "Veznik, Michael"]
[Result "1-0"]
[WhiteElo "2180"]
[BlackElo "1876"]
[PlyCount "57"]

1. e4 c6 2. d3 e5 3. Nf3 d6 4. g3 Nf6 5. Bg2 Be7 6. O-O O-O 7. Nbd2 b6 8. Re1
Qc7 9. Nf1 Re8 10. Ne3 g6 11. Bd2 Bf8 12. a4 Bb7 13. Bc3 Nbd7 14. Nc4 Bg7 15.
a5 d5 16. exd5 Nxd5 17. Bd2 c5 18. Qe2 b5 19. a6 Bc8 20. Ng5 e4 21. Ne3 Nxe3
22. Bxe3 exd3 23. cxd3 Rb8 24. Bf4 Ne5 25. Bd5 Bg4 26. Qxg4 Nxg4 27. Bxc7 Rxe1+
28. Rxe1 Rc8 29. Bxf7+ 1-0

[Event "Brno CEZ Talent"]
[Site "?"]
[Date "2013.08.28"]
[Round "5"]
[White "Stehlik, Jiri"]
[Black "Blahynka, Martin"]
[Result "0-1"]
[WhiteElo "2008"]
[BlackElo "2166"]
[PlyCount "78"]

1. Nf3 Nf6 2. c4 e6 3. g3 b6 4. Bg2 Bb7 5. O-O Be7 6. b3 O-O 7. Bb2 d5 8. d4
dxc4 9. bxc4 c5 10. e3 Qc7 11. Nbd2 Rd8 12. Qc2 cxd4 13. exd4 b5 14. c5 Bd5 15.
Ne5 Nc6 16. Nxc6 Qxc6 17. Bxd5 Qxd5 18. Rfd1 Rd7 19. Nf1 Qc6 20. Re1 Nd5 21.
Ne3 h5 22. a4 a6 23. axb5 axb5 24. Rxa8+ Qxa8 25. c6 Nb4 26. Qe2 Qxc6 27. Rc1
Qb7 28. Qxh5 Nd3 29. Rb1 Qe4 30. Qd1 e5 31. d5 Bc5 32. Bc1 Nxf2 33. Kxf2 Qxb1
34. Ke2 Qe4 35. Qd3 Qxd3+ 36. Kxd3 Bxe3 37. Bxe3 Rxd5+ 38. Ke4 Rd1 39. Kxe5 b4
0-1

[Event "Brno CEZ Talent"]
[Site "?"]
[Date "2013.08.28"]
[Round "5"]
[White "Benes, Miroslav"]
[Black "Meszaros, Ludek"]
[Result "0-1"]
[WhiteElo "1998"]
[BlackElo "2106"]
[PlyCount "66"]

1. d4 Nf6 2. Nf3 e6 3. c4 c5 4. d5 exd5 5. cxd5 g6 6. Nc3 Bg7 7. e4 d6 8. Qa4+
Bd7 9. Qb3 Qc7 10. h3 O-O 11. Bf4 Re8 12. Bd3 c4 13. Bxc4 Nxe4 14. O-O Nxc3 15.
bxc3 Re4 16. Bxd6 Qxd6 17. Qxb7 Rxc4 18. Qxa8 Rc8 19. Rab1 Bf5 20. Qb7 Na6 21.
Rbe1 Nc5 22. Qxa7 Bd3 23. Re7 Qxd5 24. Rfe1 Be4 25. c4 Qf5 26. Nd2 Bc6 27. g4
Qf4 28. R1e2 Bd4 29. Ne4 Bxe4 30. R7xe4 Qg3+ 31. Kf1 Qxh3+ 32. Kg1 Nxe4 33. Qd7
Rb8 0-1

[Event "Brno CEZ Talent"]
[Site "?"]
[Date "2013.08.28"]
[Round "5"]
[White "Messerschmidt, Stanislav"]
[Black "Dvorak, Adam"]
[Result "1/2-1/2"]
[WhiteElo "1993"]
[BlackElo "2088"]
[PlyCount "140"]

1. d4 Nf6 2. c4 c5 3. d5 e6 4. Nc3 exd5 5. Nxd5 Nc6 6. g3 Be7 7. Bg2 O-O 8. Nh3
a6 9. O-O b5 10. Nxe7+ Qxe7 11. Bf4 {(R)} Re8 12. cxb5 axb5 13. Re1 d5 14. Bg5
Bxh3 15. Bxh3 Rad8 16. Bg2 h6 17. Bxf6 Qxf6 18. Qc1 c4 19. Qc3 d4 20. Qa3 Ne5
21. Red1 d3 22. e3 Ng4 23. Rd2 Qb6 24. Qb4 Re5 25. Bf3 Qe6 26. Re1 h5 27. h3
Nxf2 28. Rxf2 Qxh3 29. Bg2 Qxg3 30. Rf3 Qg5 31. Qd2 b4 32. Rd1 h4 33. Kh2 Qg4
34. Qe1 Rg5 35. Qf1 c3 36. Bh3 Qe4 37. Bf5 Qe5+ 38. Kh1 d2 39. bxc3 bxc3 40.
Bc2 Rg3 41. Qf2 Re8 42. Rxg3 hxg3 43. Qf3 g6 44. Kg2 Kg7 45. Rf1 Re7 46. Qxg3
Qd5+ 47. Qf3 Qg5+ 48. Kf2 Qb5 49. Kg2 Qg5+ 50. Kf2 Qh4+ 51. Ke2 Ra7 52. Qf4
Qxf4 53. exf4 Rxa2 54. Kd3 Ra3 55. Kc4 Kf6 56. Kb4 Ra7 57. Kxc3 Rd7 58. Bd3 g5
59. f5 g4 60. Kxd2 Kg5 61. Ke3 g3 62. Be4 Kg4 63. f6 Ra7 64. Rg1 Ra6 65. Rf1
Re6 66. Kd4 Kg5 67. Rf5+ Kg4 68. Rf1 Kg5 69. Rf5+ Kg4 70. Rf1 Kg5 {(R)} 1/2-1/2

[Event "Brno CEZ Talent"]
[Site "?"]
[Date "2013.08.28"]
[Round "5"]
[White "Richterova, Natasa"]
[Black "Eichler, Bretislav"]
[Result "1-0"]
[WhiteElo "2059"]
[BlackElo "1701"]
[PlyCount "109"]

1. Nf3 c5 2. g3 Nc6 3. Bg2 g6 4. O-O Bg7 5. d3 Nf6 6. Nbd2 O-O 7. Re1 d6 8. h3
Rb8 9. a3 b5 10. e4 e5 11. Nf1 Bb7 12. Bg5 Qb6 13. Ne3 Ne7 14. Qd2 Qc7 15. Rad1
Kh8 16. Nh2 Bc8 17. Rf1 Neg8 18. f4 exf4 19. Bxf4 Nh5 20. Nd5 Qd7 21. c3 b4 22.
axb4 cxb4 23. Nxb4 a5 24. Nd5 Rb3 25. Rf2 Nxf4 26. Nxf4 Qb5 27. Nf3 Qe8 28. Qc2
a4 29. Nd2 Rb8 30. Nc4 Qd7 31. Nd5 Qd8 32. Qxa4 Qg5 33. Kh2 Be6 34. Nf4 Bxc4
35. Qxc4 Nf6 36. Rdf1 Qh6 37. Kg1 Qg5 38. g4 Qh4 39. d4 Qg3 40. Qd3 Qh4 41. b4
Nd7 42. Nd5 f6 43. c4 Rfe8 44. c5 dxc5 45. bxc5 f5 46. gxf5 gxf5 47. Rxf5 Rg8 {
(R)} 48. R5f4 Qh6 49. Ne7 Rge8 50. Nf5 Qf6 51. e5 Nxe5 52. dxe5 Qxe5 {(R)} 53.
Nxg7 Qxc5+ 54. Kh1 Kxg7 55. Rf7+ 1-0

[Event "Brno CEZ Talent"]
[Site "?"]
[Date "2013.08.28"]
[Round "5"]
[White "Kubat, Pavel"]
[Black "Kuchynka, Lubos"]
[Result "1/2-1/2"]
[WhiteElo "1942"]
[BlackElo "2038"]
[PlyCount "77"]

1. d4 Nf6 2. c4 g6 3. Nc3 d5 4. Nf3 Bg7 5. Bg5 Ne4 6. Bf4 Nxc3 7. bxc3 dxc4 8.
Qa4+ Nd7 9. e3 O-O 10. Qxc4 c5 11. Be2 cxd4 12. Bc7 Qe8 13. cxd4 Nb6 14. Bxb6
axb6 15. Rb1 Be6 16. d5 Rc8 17. Qb3 Bf5 18. O-O Bxb1 19. Rxb1 Qd7 20. e4 Qg4
21. Bd3 Rc3 22. Qd1 Rfc8 23. g3 Rxd3 24. Qxd3 Rc3 25. Qe2 Qxf3 26. Qxf3 Rxf3
27. Kg2 Ra3 28. Rxb6 Rxa2 29. Rxb7 Bf6 30. Kf1 g5 31. f4 gxf4 32. gxf4 Rxh2 33.
e5 Bh4 34. Kg1 Rd2 35. Rd7 Bg3 36. e6 Bf2+ 37. Kg2 Bc5+ 38. Kf3 Bd6 39. Rxd6
1/2-1/2

[Event "Brno CEZ Talent"]
[Site "?"]
[Date "2013.08.28"]
[Round "5"]
[White "Kopecek, Ivan"]
[Black "Navratil, Jiri"]
[Result "0-1"]
[WhiteElo "1933"]
[BlackElo "2036"]
[PlyCount "72"]

1. e4 c5 2. Nf3 d6 3. Bc4 a6 4. a4 Nf6 5. Nc3 e6 6. Qe2 Be7 7. e5 dxe5 8. Nxe5
O-O 9. O-O Qc7 10. d3 Nc6 11. Nxc6 Qxc6 12. a5 b5 13. axb6 Bb7 14. f3 Qxb6 15.
Bf4 Qxb2 16. Be5 Qb6 17. f4 Qc6 18. f5 exf5 19. Rxf5 Rae8 20. Rg5 h6 21. Rg3
Bd6 22. Bd5 Rxe5 23. Bxc6 Rxe2 24. Nxe2 Bxc6 25. Rxa6 Bxg3 26. Rxc6 Bb8 27. Kf1
Ng4 28. Rxc5 Nxh2+ 29. Ke1 Ng4 30. Kd2 Rd8 31. c4 Nf2 32. Rb5 Rxd3+ 33. Ke1 Ba7
34. c5 Ne4 35. Nf4 Re3+ 36. Kd1 Nc3+ 0-1

[Event "Brno CEZ Talent"]
[Site "?"]
[Date "2013.08.28"]
[Round "5"]
[White "Zeman, Radek"]
[Black "Cip, Dalibor"]
[Result "0-1"]
[WhiteElo "1895"]
[BlackElo "2103"]
[PlyCount "62"]

1. e4 c5 2. Nf3 Nc6 3. d4 cxd4 4. Nxd4 e6 5. Nxc6 bxc6 6. Bd3 d5 7. exd5 cxd5
8. b3 Nf6 9. O-O Bd6 10. Bb2 O-O 11. Nd2 Bb7 12. Re1 Re8 13. Bb5 Nd7 14. Qg4
Bf8 15. c4 a6 16. Bxd7 Qxd7 17. Rad1 Qc7 18. Re3 dxc4 19. Nxc4 Bd5 20. Rc1 f5
21. Qg5 Rac8 22. Rg3 Bxc4 23. Rxc4 Qd8 24. Qc1 Qd7 25. Rgc3 Rcd8 26. g3 Qd5 27.
Rc2 e5 28. Ra4 Be7 29. Rc7 Qf3 30. Qc4+ Kf8 31. Bd4 Rxd4 0-1

[Event "Brno CEZ Talent"]
[Site "?"]
[Date "2013.08.28"]
[Round "5"]
[White "Lakatos, Tomas"]
[Black "Martisek, Karel"]
[Result "1-0"]
[WhiteElo "2087"]
[BlackElo "1872"]
[PlyCount "103"]

1. e4 e5 2. Nc3 Nc6 3. Bc4 Nf6 4. f4 Bb4 5. Nf3 d6 6. a3 Bxc3 7. dxc3 O-O 8.
O-O Bg4 9. Qd3 Qe7 10. f5 Bxf5 11. exf5 e4 12. Qe2 exf3 13. Qxe7 Nxe7 14. Rxf3
d5 {(R)} 15. Bd3 Rfe8 16. Be3 Nd7 17. Bf4 c6 18. Re1 f6 19. Bd6 Kf7 {(R)} 20.
Rh3 Nf8 21. Rg3 Rad8 22. Rxe7+ Rxe7 23. Bxe7 Kxe7 24. Rxg7+ Kd6 25. Rxb7 Rd7
26. Rxd7+ Nxd7 27. Kf2 Ke5 28. Kf3 c5 29. c4 dxc4 30. Bxc4 Kxf5 31. Bd3+ Ke5
32. Bxh7 a5 33. Ke2 f5 34. Kd3 f4 35. h4 Nf6 36. Bg6 Nd5 37. h5 a4 38. h6 f3
39. gxf3 Nf4+ 40. Kc4 Nxg6 41. Kxc5 Kf6 42. Kb5 Nh4 43. Kxa4 Nxf3 44. c4 Kg6
45. Kb5 Kxh6 46. c5 Nd4+ 47. Kb6 Kg6 48. c6 Nf5 49. c7 Nd6 50. Kc6 Nc8 51. Kb7
Nd6+ 52. Kb8 1-0

[Event "Brno CEZ Talent"]
[Site "?"]
[Date "2013.08.28"]
[Round "5"]
[White "Hosek, Martin"]
[Black "Hradsky, Ales"]
[Result "1-0"]
[WhiteElo "2008"]
[BlackElo "1768"]
[PlyCount "33"]

1. d4 e6 2. Nf3 f5 3. h3 Nf6 4. g4 fxg4 5. hxg4 Nxg4 6. Qd3 d6 7. Rxh7 Rxh7 8.
Qxh7 Nf6 9. Qg6+ Kd7 10. Bh3 Qe8 11. Qd3 c6 12. Ng5 Kc7 13. Qb3 d5 14. Bf4+ Bd6
15. Bxd6+ Kxd6 16. Qg3+ Ke7 17. Qa3+ 1-0

[Event "Brno CEZ Talent"]
[Site "?"]
[Date "2013.08.28"]
[Round "5"]
[White "Novak, Vitezslav"]
[Black "Doskar, Miloslav"]
[Result "1-0"]
[WhiteElo "1970"]
[BlackElo "1739"]
[PlyCount "73"]

1. e4 e5 2. Nc3 Nf6 3. Bc4 Bc5 4. d3 O-O 5. Bg5 h6 6. Bh4 d6 7. Nge2 Nbd7 8.
O-O a6 9. Kh1 b5 10. Bd5 Rb8 11. Bc6 Qe8 12. Bxf6 gxf6 13. Bxd7 Bxd7 14. f4 c6
15. f5 b4 16. Nb1 Kh7 17. Ng3 Rg8 18. Qd2 Rg5 19. Qe2 Qe7 20. Nd2 Rbg8 21. Nf3
Rg4 22. c3 a5 23. c4 Bc8 24. Rad1 Bb7 25. Rd2 d5 26. b3 d4 27. Qe1 Qf8 28. Nh5
Be7 29. h3 R4g5 30. Nxg5+ Rxg5 31. g4 c5 32. Rg2 Qg8 33. h4 Rxg4 34. Rfg1 Rxg2
35. Rxg2 Qa8 36. Qg3 Qf8 37. Qg7+ 1-0